000 02755cam a22011414i 4500
003 PE-LiUPU
005 20250813185444.0
008 150623s r 000 0 d
035 _a(Sirsi) a26293
040 _aPE-LiUPU
_bspa
_cPE-LiUPU
_erda
082 0 4 _a305.42
_bW96
_221
245 0 0 _aFor women only :
_bthe fine art of being a woman /
_cEvelyn R. Petersen ed.
264 1 _aWheaton, Illinois :
_bTyndale House Publishers,
_c1974.
300 _a296 páginas ;
_c21 cm.
336 _atext
_2rdacontent
337 _aunmediated
_2rdamedia
338 _avolume
_2rdacarrier
505 0 _aThe woman and herself. The woman and her world. The woman and her health. The woman and her marriage. The woman and her children. The woman and her home. The woman and her God.
526 _aP202
526 _aP201
526 _aP163
526 _aP162
526 _aP161
526 _aP160
526 _aP148
526 _aP147
526 _aP146
526 _aP145
526 _aP144
526 _aP143
526 _aP142
526 _aP141
526 _aP140
526 _aP139
526 _aP138
526 _aP137
526 _aP136
526 _aP135
526 _aP134
526 _aP133
526 _aP129
526 _aP128
526 _aP127
526 _aP120
526 _aP119
526 _aP118
526 _aP116
526 _aP115
526 _aP114
526 _aP110
526 _aP109
526 _aP108
526 _aP104
526 _aP103
526 _aP102
526 _aP99
526 _aP98
526 _aP97
526 _aP96
526 _aP95
526 _aP93
526 _aP90
526 _aP89
526 _aP88
526 _aP83
526 _aP82
526 _aP62
526 _aP59
526 _aP58
526 _aP57
526 _aP51
526 _aP49
526 _aP48
526 _aP47
526 _aP29
526 _aP24
526 _aP20
526 _aP19
526 _aP17
526 _aP15
526 _aP14
526 _aP12
526 _aP10
526 _aP09
526 _aP08
526 _aP07
526 _aP06
526 _aP05
526 _aP04
526 _aP01
650 0 4 _aMujeres
_xEstudio
_ySiglo XX.
700 1 _aPetersen Evelyn R.,
_eed.
942 _2ddc
_cBOOK
949 _a305.42 W96
_wDEWEY
_c1
_i51579
_lCCODEBUL1
_mBUL
_p10.00
_r0
_sY
_tBOOK
_u2015-06-24
_xTEOLOGIA
_PP35
_0COMPRA
_o.STAFF. Colección General
596 _a1
999 _a305.42 W96
_wDEWEY
_c33308
_i51579
_f2021-11-4
_g5
_lCCODEBUL1
_mBUL
_p10.00
_r0
_sY
_tBOOK
_u2015-6-24
_xBIBLIOTECA
_PP35
_0COMPRA
_o.STAFF. Colección General
_d33308
980 _81
_gALBERTO SANCHEZ Responsable de Automatización